| 000 | 00412nam a22001217a 4500 | ||
|---|---|---|---|
| 999 |
_c1976 _d1976 |
||
| 005 | 20200907114058.0 | ||
| 008 | 200907b ||||| |||| 00| 0 eng d | ||
| 020 | _a0333445406 | ||
| 040 | _cCML | ||
| 245 |
_aBuilding Construction: A Handbook For Diploma Students in the Tropics. _cWalton, D.W. |
||
| 260 |
_aLondon _bMacmillan Publishers Ltd _c1987 |
||
| 942 |
_2ddc _cBK _e1st Edition _h690.0913 _mWAL |
||